书目信息 |
| 题名: |
热处理问答
|
|
| 作者: | 湖南邵阳汽车保养厂热处理问答编写小组 编 | |
| 分册: | ||
| 出版信息: | 北京 机械工业出版社 1974.06 |
|
| 页数: | 0.95页 | |
| 开本: | 19cm | |
| 丛书名: | ||
| 单 册: | ||
| 中图分类: | TG15 | |
| 科图分类: | ||
| 主题词: | 热处理 | |
| 电子资源: | ||
| ISBN: | ||
| 000 | 00647nam0 2200205 45 | |
| 001 | 0405211163 | |
| 005 | 20040521111413.6 | |
| 010 | @dCNY0.95 | |
| 091 | @a15033.4221 | |
| 100 | @a20040521d1974 km y0chiy0120 ea | |
| 101 | 0 | @achi |
| 105 | @a z 000yy | |
| 200 | 1 | @a热处理问答@ARe Chu Li Wen Da@f湖南邵阳汽车保养厂热处理问答编写小组编@FHu Nan Shao Yang Qi Che Bao Yang Chang Re Chu Li Wen Da Bian Xie Xiao Zu Bian |
| 210 | @a北京@c机械工业出版社@d1974.06 | |
| 215 | @a0.95页@d19cm | |
| 606 | 0 | @a热处理 |
| 690 | @aTG15@v3 | |
| 701 | 0 | @a湖南邵阳汽车保养厂热处理问答编写小组@4编 |
| 801 | @aCN@bPftUser@c20040521 | |
| 905 | @f1@b16995@dTG15@e4 | |
| 热处理问答/湖南邵阳汽车保养厂热处理问答编写小组编.-北京:机械工业出版社,1974.06 |
| 0.95页;19cm |
| ISBN :CNY0.95 |
| ● |
| 相关链接 |
|
|
|
|
正题名:热处理问答
索取号:TG15/4
 
预约/预借
| 序号 | 登录号 | 条形码 | 馆藏地/架位号 | 状态 | 备注 |
| 1 | 0016995 | 001362475 | 第二样本阅览室/ [索取号:TG15/4] | 在馆 |